000 00636nam a2200229Ia 4500
005 20241129111501.0
008 241129s9999||||xx |||||||||||||| ||und||
020 _a978-93-95472-22-7
037 _aTB
040 _aCRL
_beng
_cCRL
041 _aeng
_2eng
084 _aW:511 R3
_qCRL
100 _aSingh Devi Prasad Au.
245 0 _aFreedom of expression
_cSingh Devi Prasad Au.
260 _aNew Delhi, India
_bKitabwale
_c2023
300 _alii,295p.
365 _aINR
_b2800
546 _aTranslated from Sanskrit to English
650 _aPolitical Science
942 _cTB
_hW:511 R3
999 _c1230673
_d1230673